01104pam a2200301 a 4500001001000000003000300010005001700013008004100030020002200071020002500093020002200118020002500140082002300165100002600188245008900214260003300303300002600336500002200362504005100384650002700435650006100462650003700523653002200560650003600582942001200618999001700630952015500647014199967Uk20161010100213.0070724s2009 enk b 001 0 eng d a0745636993 (hbk.) a9780745636993 (hbk.) a0745637000 (pbk.) a9780745637006 (pbk.)04a341.48082222bREI1 aReilly, Niamh.93237510aWomen's Human Rights :bSeeking Gender Justice in a Globalizing Age /cNiamh Reilly. aCambridge :bPolity,cc2009. axii, 203 p. ;c24 cm. aFormerly CIP.5Uk aIncludes bibliographical references and index. 0aWomen's rights.932125 0aHuman rights advocacyxInternational cooperation.932376 0aWomen (International law)932378 bPolcFebruary2013 0932377aWomen's rightsxHistory. 2ddccBB c17222d17194 00102ddc40708AcademicaMAINbMAINc1STd2013-02-04epurchaseg198.00h2051289l8m7o341.48082 REIp000028002r2025-07-15 00:00:00s2019-10-10yBB